| 000 | 00840nam a22002177a 4500 | ||
|---|---|---|---|
| 003 | 0 | ||
| 005 | 20250120150333.0 | ||
| 008 | 160109b xxu||||| |||| 00| 0 eng d | ||
| 050 |
_aPHS HQ 755.8 _b.G389 2015 |
||
| 100 | _aGesmundo, Ysabelle C. | ||
| 245 |
_aParenting discipline style for scademic performance of Southville International School and Colleges grade 9 students _cYsabelle C.Gesmundo |
||
| 260 |
_aLas PiƱas, Philippines : _bSouthville International School and Colleges, _c2015. |
||
| 300 |
_aiii, 20 p. : _bill. ; _c28 cm. |
||
| 504 | _aIncludes bibliographical references. | ||
| 650 | _aParenting. | ||
| 650 | _aDiscipline of children. | ||
| 650 |
_aAcademic achievement _vPsychological aspects. |
||
| 650 |
_aEducation _vParental participation. |
||
| 650 |
_aParent and child _vEducational aspects. |
||
| 942 |
_2lcc _cPASS |
||
| 999 |
_c289054 _d289054 |
||